000 00619nam a2200253Ia 4500
001 42157
005 20240114003453.0
007 ta
008 080611s1972 g b000 u 465 u
020 _cHB
040 _aCotton College,Assam
041 _a465
082 _a320.954
_bD 612 In
100 _aDinesh, .
245 0 _aIndira Wins The War /
_cDinesh.
_hTextual Documents
250 _aIst ed /
260 _aDelhi :
_bOriental Publishers ,
_c1972.
300 _a214p ;
_c17cm.
653 _aPolitical science
653 _aG-TG
942 _2ddc
_cBK
999 _c42123
_d42123